000 00378nam a2200145Ia 4500
008 230711s9999||||xx |||||||||||||| ||und||
041 _aENG
082 _a621.382
_bAN-C
100 _aAnokh Singh
245 0 _aPrinciples of communication engineering
250 _a7th Ed.
260 _c2003
_aNew Delhi
_bS.Chand & Company Ltd
650 _aElectronics Engineering
942 _cBK
999 _c4150
_d4150